000 00723nam a2200253 a 4500
001 77278
003 BD-RjUL
005 20211209082943.0
008 200309s1939 enk 000 0beng
035 _a39-16356
035 _a(OCoLC)2846057
035 _a(BD-RjUL)77503
040 _aDLC
_cUCW
_dm.c
_dBD-RjUL
_beng
041 _aeng
082 _223
_a821.4
_bSES 1939
100 1 _aSewell, Arthur.
_9240615
245 0 2 _aA study in Milton's Christian doctrine /
_cby Arthur Sewell
260 _bLondon :
_aOxford University Press ,
_c1939
300 _axiii, 214 p.;
_c19 cm.
600 1 0 _aMilton, John,
_d1608-1674
_xReligion and ethics.
_9240618
942 _2ddc
_cBK
999 _c77278
_d77278